Business information technology management alternative and adaptive futures

Sparad:
Bibliografiska uppgifter
Huvudupphovsmän: Hackney, Ray (Författare, medförfattare), Dunn, Dennis (Författare, medförfattare)
Materialtyp: Bok
Språk:engelska
Publicerad: Nueva York St. Martin's 2000
Ämnen:
Taggar: Lägg till en tagg
Inga taggar, Lägg till första taggen!

MARC

LEADER 00000nam a2200000 a 4500
001 UCM4678
003 CL-VaPUC
008 020830e20000000US |||||||||||||||||eng|d
082 0 4 |a 658.4038011  |b HAC  |2 21 
100 0 |a Hackney, Ray  |e author  |9 471073 
700 0 |a Dunn, Dennis  |e author  |9 471074 
245 1 0 |a Business information technology management alternative and adaptive futures 
300 |a 325 p 
942 |c BK 
945 |d 20020830 00:00:00  |a vberengu 
260 |a Nueva York  |b St. Martin's  |c 2000 
650 0 |a Administración de sistemas de información   |9 262380 
650 0 |a Sistemas de información   |9 260286 
650 0 |a Comercio electrónico  |9 428366 
650 0 |a Internet   |9 254823 
650 7 |a INTRANET  |2 CL-VaPUC  |9 386840 
583 |a last modification  |c 20020830 00:00:00  |k Rodrigo Vera 
999 |c 301199  |d 301197 
952 |0 0  |1 0  |4 0  |6 658_403801100000000_HAC_2000  |7 0  |8 A  |9 359961  |a BIBING  |b BIBING  |d 2019-11-21  |i 3811328  |o 658.4038011 HAC 2000  |p 3811328  |r 2025-01-20  |w 2019-11-21  |y BK  |k EII